00473 a2200145 4500003000500000005001700005040000900022082001400031100001700045245007900062260003700141300001100178505011400189650002400303Nust20230621085331.0 cNust a384.5,RHE aEduard Rhein aWonder of the waves :bWireless and Telvision for Everyman /cEduard Rhein aLondonbThe scintefic bookc1940 a256,p; aPart.1 The Distant Sound (Page-3), Part.2 The Voice of Steel (Page-145), Part.3 The Magic Mirror (Page-195).  aWonder of the waves